Phân tích các nhân tố ảnh hưởng đến sự hài lòng của sinh viên trong việc sử dụng dịch vụ điện thoại di động tại thành phố Cần Thơ : Luận văn Thạc sĩ chuyên ngành Quản trị kinh doanh

Phân tích các nhân tố ảnh hưởng đến sự hài lòng của sinh viên trong việc sử dụng dịch vụ điện thoại di động. Qua đó, đề xuất một số kiến nghị đối với nhà cung cấp dịch vụ điện thoại di động có những chính sách phù hợp với nhu cầu t...

Deskribapen osoa

Gorde:
Xehetasun bibliografikoak
Egile nagusia: Nguyễn, Thanh Bình
Formatua: Liburua
Hizkuntza:Undetermined
Argitaratua: Cần Thơ Trường Đại học Cần Thơ 2011
Gaiak:
Etiketak: Etiketa erantsi
Etiketarik gabe, Izan zaitez lehena erregistro honi etiketa jartzen!
Thư viện lưu trữ: Trung tâm Học liệu Trường Đại học Cần Thơ
LEADER 01335nam a2200217Ia 4500
001 CTU_170950
008 210402s9999 xx 000 0 und d
082 |a 658.812 
082 |b B312 
088 |a 60340102 
100 |a Nguyễn, Thanh Bình 
245 0 |a Phân tích các nhân tố ảnh hưởng đến sự hài lòng của sinh viên trong việc sử dụng dịch vụ điện thoại di động tại thành phố Cần Thơ : 
245 0 |b Luận văn Thạc sĩ chuyên ngành Quản trị kinh doanh 
245 0 |c Nguyễn Thanh Bình ; Nguyễn Tấn Khuyên (Hướng dẫn khoa học ) 
260 |a Cần Thơ 
260 |b Trường Đại học Cần Thơ 
260 |c 2011 
520 |a Phân tích các nhân tố ảnh hưởng đến sự hài lòng của sinh viên trong việc sử dụng dịch vụ điện thoại di động. Qua đó, đề xuất một số kiến nghị đối với nhà cung cấp dịch vụ điện thoại di động có những chính sách phù hợp với nhu cầu thị hiếu của sinh viên 
650 |a Customer relations,Quan hệ khách hàng 
904 |i Tuyền, Hải 
980 |a Trung tâm Học liệu Trường Đại học Cần Thơ